| 000 | 00838nam a2200241 4500 | ||
|---|---|---|---|
| 003 | OSt | ||
| 005 | 20260530113854.0 | ||
| 008 | 260420b2002 it a|||| |||| 00| 0 spa d | ||
| 040 |
_aICI _bspa _cICI |
||
| 050 |
_aNK1535.A44 _bA8718 |
||
| 100 | 1 |
_a Alessi, Alberto, _931542 |
|
| 245 | 1 | 0 |
_aLa fábrica de sueños : _bAlessi desde 1921 / _cAlberto Alessi ; traducción, Osvaldo Alzari, María Angeles Pérez |
| 264 | 1 |
_bAlessi, _c2002 _aCrusinallo, Italy : |
|
| 300 |
_a150 páginas _b ilustraciones _c20 cm. |
||
| 336 |
_atexto _2rdacontent |
||
| 337 |
_asin medio _2rdamedia |
||
| 338 |
_avolumen _2rdacarrier |
||
| 650 |
_aDiseño _xHistoria _ySiglo XX _zItalia _93187 |
||
| 650 |
_aVajilla _zItalia _931543 |
||
| 700 | 1 |
_aAlzari, Osvaldo, _etraductor _931544 |
|
| 700 | 1 |
_aPérez, María Angeles, _etraductor _931545 |
|
| 942 |
_2lcc _cBK |
||
| 999 |
_c11560 _d11560 |
||